TB. OF RADIOLOGY FOR RESIDENTS & TECHNICIANS (Record no. 13703)
[ view plain ]
| 000 -LEADER | |
|---|---|
| fixed length control field | 00309nam a22001337a 4500 |
| 003 - CONTROL NUMBER IDENTIFIER | |
| control field | SGT |
| 082 ## - DEWEY DECIMAL CLASSIFICATION NUMBER | |
| Classification number | 616.075 |
| Item number | R17B |
| 100 ## - MAIN ENTRY--PERSONAL NAME | |
| Personal name | BHARGAVA, SATISH K. |
| 245 ## - TITLE STATEMENT | |
| Title | TB. OF RADIOLOGY FOR RESIDENTS & TECHNICIANS |
| 260 ## - PUBLICATION, DISTRIBUTION, ETC. (IMPRINT) | |
| Place of publication, distribution, etc | INDIA |
| Name of publisher, distributor, etc | CBS |
| Year of Publication | 2017 |
| 300 ## - PAGE DESCRIPTION | |
| No. of Pages | 674 |
| 650 ## - SUBJECT ADDED ENTRY--TOPICAL TERM | |
| Topical term or geographic name as entry element | RADIOLOGY |
| 942 ## - ADDED ENTRY ELEMENTS (KOHA) | |
| Source of classification or shelving scheme | Dewey Decimal Classification |
| Koha item type | Books |
| 942 ## - ADDED ENTRY ELEMENTS (KOHA) | |
| -- | 32 |
| Withdrawn status | Lost status | Source of classification or shelving scheme | Damaged status | Not for loan | Collection code | Home library | Current library | Shelving location | Date acquired | Vendor Name | Cost, normal purchase price | SGTU | Bill Number | Total Checkouts | Full call number | Accession No. (Barcode) | Date last seen | Date last borrowed | Bill Date | Koha item type | Total Renewals |
|---|---|---|---|---|---|---|---|---|---|---|---|---|---|---|---|---|---|---|---|---|---|
| Dewey Decimal Classification | MEDICAL | SGT Medical Library | SGT Medical Library | Text Book | 09/10/2017 | ABC | 795.00 | SGTU | 8371 | 56 | 616.075 R17B | FM8796 | 24/12/2025 | 11/12/2025 | 26/06/2017 | Books | |||||
| Dewey Decimal Classification | MEDICAL | SGT Medical Library | SGT Medical Library | Text Book | 09/10/2017 | ABC | 795.00 | SGTU | 8371 | 20 | 616.075 R17B | FM8797 | 23/08/2023 | 17/08/2023 | 26/06/2017 | Books | |||||
| Dewey Decimal Classification | MEDICAL | SGT Medical Library | SGT Medical Library | Text Book | 09/10/2017 | ABC | 795.00 | SGTU | 8371 | 33 | 616.075 R17B | FM8798 | 11/03/2025 | 28/02/2025 | 26/06/2017 | Books | 1 | ||||
| Dewey Decimal Classification | MEDICAL | SGT Medical Library | SGT Medical Library | Text Book | 09/10/2017 | ABC | 795.00 | SGTU | 8371 | 1 | 616.075 R17B | FM8799 | 18/04/2019 | 18/04/2019 | 26/06/2017 | Books | |||||
| Dewey Decimal Classification | MEDICAL | SGT Medical Library | SGT Medical Library | Text Book | 09/10/2017 | ABC | 795.00 | SGTU | 8371 | 25 | 616.075 R17B | FM8800 | 28/02/2025 | 28/02/2025 | 26/06/2017 | Books |